Normal view
MARC view
- Ancona Horruytiner, Ramón
Entry Nombre Personal
001 - NUMERO DE CONTROL
- campo de control: 51428
003 - IDENTIFICADOR DE NUMERO DE CONTROL
- campo de control: MX-MxUPN
005 - FECHA Y HORA DE LA ÜLTIMA TRANSACCIÓN
- campo de control: 20240410165933.0
008 - DATOS DE LONGITUD FIJA
- campo de control de longitud fija: 240320|| aca||aabn | aaa d
040 ## - FUENTE DE CATALOGACIÓN
- Agencia original de catalogación: MX-MxUPN
- Lenguaje de catalogación: spa
- Agencia de transcripción: MX-MxUPN
100 1# - ENCABEZAMIENTO - NOMBRE PERSONAL
- Nombre personal: Ancona Horruytiner, Ramón
370 ## - LUGAR ASOCIADO
- Associated country: México
- Place of residence/headquarters: Mérida
- Other associated place: Yucatán
400 1# - VEÁSE - NOMBRE DE PERSONA
- Personal name: Ancona Horuytiner, Ramón
670 ## - FUENTE EN LA QUE SE LOCALIZARON DATOS
- Cita de la fuente: La inquisición, 1877:
- Información localizada: guarda posterior (ex libris manuscrito de Ramón Ancona Horruytiner)
670 ## - FUENTE EN LA QUE SE LOCALIZARON DATOS
- Cita de la fuente: Elevación y caída del emperador Maximiliano : intervención francesa en México 1861-1867, 1870:
- Información localizada: guarda posterior (ex libris con sello Ramón Ancona Horuytiner)
670 ## - FUENTE EN LA QUE SE LOCALIZARON DATOS
- Cita de la fuente: El verdadero Díaz y la revolución, 1920:
- Información localizada: cubierta posterior (ex libris con sello Ramón Ancona Horruytiner Mérida Yucatán).
902 ## - CATALOGADOR
- Catalogador: Víctor Ruiz/200324
